000 00707nam 22002173 4500
001 199184
090 _a199184
100 _a20251120d u||y0pory50 ba
101 _apor
102 _aPT
200 _aPide
_eA História da Repressão
_fCoordenação de Alexandre Manuel ; Rogério Carapinha e Dias Neves
210 _aFundão
_cJornal do Fundão Editora
_d1974
215 _a215, [9] p. : il.
_cBrochado
_d20 cm
606 _94713
_aCiências Sociais Política
675 _a321.6(469)/MAN/PID
_vPT
_zpor
700 _915081
_aManuel
_bAlexandre
701 _915082
_aCarapinha
_bRogério
701 _915083
_aNeves
_bDias
801 _aPT
_bBMMN
_gRPC
830 _cCarlos Pinto
_d20-11-2025
_fCarlos Pinto
990 _cLIVROS